Science Quiz

Random Science or Animal Quiz
Score 0/22 Timer 01:30
1 Play Today
% Correct
Iguana
94%
Komodo Dragon
93.7%
Bearded Lizard
93.5%
Crocodile
93.3%
Alligator
93.3%
Rattlesnake
91.9%
Chameleon
91.7%
King Cobra
90.9%
Gecko
90.8%
Anaconda
90.3%
Black Mamba
85.7%
% Correct
Gila Monster
85.3%
Snapping Turtle
85.3%
Giant Tortoise
84.2%
Adder
80.2%
Sea Snake
78.6%
Caiman
76.7%
Terrapin
70.8%
Green Anole
68.1%
Gharial
58.2%
Tuatara
57.8%
Slow-worm
35.9%
Remove Ads.
Support Sporcle.
Get the best of Sporcle when you Go Orange. This ad-free experience offers more features, more stats, and more fun while also helping to support Sporcle. Thank you for becoming a member.

You're not logged in!

Compare scores with friends on all Sporcle quizzes.
OR
Log In

Show Comments

Extras

Top Quizzes Today


Score Distribution

Your Account Isn't Verified!

In order to create a playlist on Sporcle, you need to verify the email address you used during registration. Go to your Sporcle Settings to finish the process.

Report this User

Report this user for behavior that violates our Community Guidelines.

Details: